| 000 | 00945cam a2200241 a 4500 | ||
|---|---|---|---|
| 001 | 16962934 | ||
| 003 | OSt | ||
| 005 | 20210524115418.0 | ||
| 008 | 110915s2013 nyua 000 0 eng | ||
| 020 | _a9780073523200 | ||
| 040 |
_aDLC _cCO-JMCR _dDLC |
||
| 041 | 0 | _aeng | |
| 082 | 0 | 4 |
_a331 / _bB734l _223 |
| 100 | 1 |
_aBorjas, George J., _eautor _937814 |
|
| 245 | 1 | 0 |
_aLabor economics / _cGeorge J. Borjas. |
| 250 | _a6th editions | ||
| 260 |
_aNew York : _bMcGraw-Hill, _c2013. |
||
| 300 |
_axvi, 576 páginas : _bilustraciones y gráficas a color ; _c25 cm. |
||
| 505 | 0 | _aIntroduction to Labor Economics. -- Labor Supply. -- Labor demand. -- Labor market equilibrium. -- Compensating wage differentails. -- The wage structure. -- Labor mobility. -- Labor market discrimination. -- Labor unions. -- incentive pay. -- Unemplyment. | |
| 650 | 1 | 4 |
_aLabor economics. _937815 |
| 650 | 2 | 4 |
_aLabor market _zUnited States. _937816 |
| 942 |
_2ddc _cBK |
||
| 999 |
_c11785 _d11785 |
||